La conquista de la pobreza / (Registro nro. 78921)

Detalles MARC
000 -LEADER
campo de control de longitud fija 00701nam a2200229 i 4500
001 - NÚMERO DE CONTROL
campo de control 78921
003 - IDENTIFICADOR DE NÚMERO DE CONTROL
campo de control ES-MaACL
005 - FECHA Y HORA DE LA ÚLTIMA TRANSACCIÓN
campo de control 20230906173844.0
007 - CAMPO FIJO DE DESCRIPCIÓN FÍSICA--INFORMACIÓN GENERAL
campo de control de longitud fija t|
008 - DATOS DE LONGITUD FIJA--INFORMACIÓN GENERAL
campo de control de longitud fija 041018s1974 sp ||||1| spa d
100 1# - ENTRADA PRINCIPAL--NOMBRE DE PERSONA
Nombre de persona Hazlitt, Henry (
Fechas asociadas al nombre 1894-1993)
9 (RLIN) 62231
245 13 - MENCIÓN DEL TÍTULO
Título La conquista de la pobreza /
Mención de responsabilidad, etc. Henry Hazlitt ; [traducción de Luis Vadillo y César A. Gómez].
260 ## - PUBLICACIÓN, DISTRIBUCIÓN, ETC.
Lugar de publicación, distribución, etc. [Madrid] :
Nombre del editor, distribuidor, etc. Union Editorial,
Fecha de publicación, distribución, etc. [1974]
300 ## - DESCRIPCIÓN FÍSICA
Extensión 256 p. ;
Dimensiones 21 cm.
490 1# - MENCIÓN DE SERIE
Mención de serie Libertad ;
Designación de volumen o secuencia 7
650 #4 - PUNTO DE ACCESO ADICIONAL DE MATERIA--TÉRMINO DE MATERIA
Término de materia o nombre geográfico como elemento de entrada Pobreza.
9 (RLIN) 16143
700 1# - ENTRADA AGREGADA--NOMBRE PERSONAL
Nombre de persona Vadillo, Luis.
9 (RLIN) 112388
700 1# - ENTRADA AGREGADA--NOMBRE PERSONAL
Nombre de persona Gómez, César A.
9 (RLIN) 57752
830 0# - PUNTO DE ACCESO ADICIONAL DE SERIE-TÍTULO UNIFORME
Título uniforme Libertad ;
Designación de volumen o secuencia 7
9 (RLIN) 231412
852 ## - LOCALIZACIÓN
Ubicación ES-MaACL
Número de control de estantería E-9531
Sublocalización o colección R.93916
Existencias
Estatus retirado Estado de pérdida Estado de daño No para préstamo Biblioteca de origen Biblioteca actual Ubicación en estantería Fecha de adquisición Fuente de adquisición Total de préstamos Signatura topográfica completa Código de barras Visto por última vez Precio de reemplazo Tipo de ítem Koha
        Biblioteca del Ateneo de Madrid Biblioteca del Ateneo de Madrid Depósito 2 17/01/2008     E-9531 1082534 23/02/2023 23/02/2023 Libro impreso